000 00552nam a2200193Ia 4500
005 20250423100505.0
008 250422s9999 xx 000 0 und d
020 _a0940966190
050 _aHF 5686.P3 .B76/
100 _aBrock, Horace R.
245 0 _aPetroleum accounting: principles, procedures, & issues
250 _a3rd ed.
260 _aUnited State
260 _bProfessional management institute
260 _c2014
300 _a729 p
650 _aPetroleum industry and trade--Accounting. Gas industry--Accounting.
942 _cBK
999 _c33464
_d33464